RIO Poissons 33-48 - Statistiques

Statistiques générales
  • Ce quiz a été pris 33 fois
  • Le résultat moyen est 7 sur 16
Statistiques - réponses
Par images Réponse % Correct
Anguille
100%
Congre
67%
Grondin
56%
Petite vive
56%
Turbot
56%
Baudroie commune
44%
Gobie
44%
Plie
44%
Sole commune
44%
Flet
33%
Diodon
22%
Mostelle de roche
22%
Siphonostome atlantique
22%
Syngnathe aiguille
22%
Targeur
22%
Blennie
11%
Aucun quiz correspondant
Distribution des résultats
% des personnes avec chaque résultat
Percentile par nombre de réponses
Votre historique - résultats
Vous n’avez pas pris ce quiz